[Event "Kragero op"]
[Site "Kragero"]
[Date "2022.02.23"]
[Round "2"]
[White "Kveim, Ingvar Torjesen"]
[Black "Engeset, Audun"]
[Result "0-1"]
[WhiteElo "1647"]
[BlackElo "1823"]
[PlyCount "98"]
[EventDate "2022.02.23"]
[EventType "swiss"]
[EventRounds "9"]
[EventCountry "NOR"]
[SourceTitle "EXT 2023"]
[Source "ChessBase"]
[SourceDate "2022.10.05"]
[SourceVersion "1"]
[SourceVersionDate "2022.10.05"]
[SourceQuality "1"]

1. e4 c5 2. Nf3 Nc6 3. Bb5 g6 4. c3 Bg7 5. 0-0 Nf6 6. Re1 0-0 7. d4 d5 8. e5 Ne4 9. Bd3 cxd4 10. cxd4 Qb6 11. Bxe4 dxe4 12. Rxe4 Rd8 13. Nc3 Bf5 14. Na4 Qc7 15. Re1 Nxe5 16. Bf4 Nxf3+ 17. Qxf3 Qd7 18. Nc3 Bxd4 19. Be5 Bxe5 20. Rxe5 Be6 21. h3 Qc6 22. Qe3 Qb6 23. Qe2 Rd4 24. a3 Rad8 25. Rd1 Bc4 26. Qe1 e6 27. Rxd4 Qxd4 28. Re4 Qd3 29. Qc1 f5 30. Rh4 Bd5 31. Qg5 Bc6 32. Qf6 Qd6 33. b4 e5 34. Qg5 Rf8 35. b5 Bd7 36. Qh6 Rf7 37. Qe3 e4 38. Qxa7 Qf6 39. g3 Qxc3 40. Qxb7 Qxa3 41. Qd5 Qb4 42. Qa8+ Kg7 43. Qd5 Qb1+ 44. Kh2 h5 45. Qe5+ Kh7 46. Qd5 Rg7 47. Qd2 Qxb5 48. Qg5 Qe2 49. Rf4 e3 0-1

[Event "NOR-ch Class1"]
[Site "Larvik"]
[Date "2019.07.09"]
[Round "5"]
[White "Engeset, Audun"]
[Black "Hoem, Audun"]
[Result "0-1"]
[WhiteElo "1944"]
[BlackElo "1807"]
[PlyCount "52"]
[EventDate "2019.07.05"]
[EventType "swiss"]
[EventRounds "9"]
[EventCountry "NOR"]
[SourceTitle "EXT 2024"]
[Source "ChessBase"]
[SourceDate "2023.10.10"]
[SourceVersion "1"]
[SourceVersionDate "2023.10.10"]
[SourceQuality "1"]

1. e4 c5 2. Nf3 g6 3. d4 cxd4 4. Nxd4 Nc6 5. c4 Bg7 6. Be3 Nf6 7. Nc3 Ng4 8. Qxg4 Nxd4 9. Bxd4 Bxd4 10. Qg3 Qb6 11. Rb1 Qb4 12. Qd3 Bxc3+ 13. bxc3 Qa5 14. Qd2 d6 15. c5 Qxc5 16. Bb5+ Kf8 17. Qh6+ Kg8 18. 0-0 Be6 19. Be2 b6 20. Rb5 Qc6 21. f4 Qxe4 22. Bf3 Qe3+ 23. Kh1 Rc8 24. Rg5 Rxc3 25. f5 Rc1 26. Bd1 Qd3 0-1

[Event "NOR-ch U14"]
[Site "Sandefjord"]
[Date "2012.07.08"]
[Round "2"]
[White "Engeset, Audun"]
[Black "Machlik, Endre"]
[Result "0-1"]
[WhiteElo "1341"]
[BlackElo "1417"]
[PlyCount "56"]
[EventDate "2012.07.07"]
[EventType "swiss"]
[EventRounds "9"]
[EventCountry "NOR"]
[SourceTitle "EXT 2024"]
[Source "ChessBase"]
[SourceDate "2023.10.10"]
[SourceVersion "1"]
[SourceVersionDate "2023.10.10"]
[SourceQuality "1"]

1. e4 c5 2. Nc3 Nc6 3. f4 d6 4. Nf3 g6 5. Bb5 Bg7 6. Bxc6+ bxc6 7. d3 d5 8. 0-0 e6 9. Rb1 Ba6 10. Re1 Ne7 11. f5 gxf5 12. exf5 Nxf5 13. Ng5 h6 14. Nxe6 fxe6 15. Qh5+ Kd7 16. Na4 Qe7 17. Kh1 Bb5 18. b3 Rab8 19. Ba3 Bxa4 20. bxa4 Bc3 21. Rxb8 Rxb8 22. Rf1 Rf8 23. Rb1 Kd6 24. g4 Ne3 25. Qxh6 Nxg4 26. Qh5 Nf2+ 27. Kg2 Qg7+ 28. Kf1 Nxd3+ 0-1